| 000 | 00515nam a2200157Ia 4500 | ||
|---|---|---|---|
| 008 | 230907s9999||||xx |||||||||||||| ||und|| | ||
| 082 |
_a621.3195491 _bZIA |
||
| 100 |
_aZia Ahmad Khan (NUST2012-60732MCES-64112F) _9116300 |
||
| 245 | 0 | _aRisk assessment of a wind farm in a coastal areas of Baluchistan-Pakistan / | |
| 260 |
_aUSPCAS-E, NUST, _bIslamabad : _c2014 |
||
| 300 | _axii, 67 p. : | ||
| 520 | _aTH-21 | ||
| 650 | _aMS-ESE Thesis MS Thesis | ||
| 700 |
_aDr Muhammad Bilal Khan _919368 |
||
| 942 |
_cTHE _2ddc |
||
| 999 |
_c601700 _d601700 |
||